000 00519nam a22001811a 4500
001 4854
003 OSt
005 20260204211950.0
008 050919s1994||||dr ||||||b||||||||||spa||
050 _aRD 972.93 G239t
100 _aGautreaux Piñeyro, Bonaparte
245 _aEl tiempo de la tormenta: Bosch, Caamaño y el PRD / Bonaparte Gautreaux Piñeyro
250 _a2
264 _aSanto Domingo: Editora Colores
300 _a141 p
650 _a1.Historia Política - República DominicanaÌ
942 _2ddc
_cBK
999 _c4854
_d4854